Bursa'da tarımsal değişim ve bu değişimin sosyoekonomik sonuçları (1945-1980) / (Record no. 200465000)

MARC details
000 -LEADER
fixed length control field 01125cam a2200325 i 4500
001 - CONTROL NUMBER
control field 200465000
003 - CONTROL NUMBER IDENTIFIER
control field TR-AnTOB
005 - DATE AND TIME OF LATEST TRANSACTION
control field 20250811150253.0
007 - PHYSICAL DESCRIPTION FIXED FIELD--GENERAL INFORMATION
fixed length control field ta
008 - FIXED-LENGTH DATA ELEMENTS--GENERAL INFORMATION
fixed length control field 250811s2019 tu ad b 000 0 tur
020 ## - INTERNATIONAL STANDARD BOOK NUMBER
International Standard Book Number 9786059897563
Qualifying information (hardback)
035 ## - SYSTEM CONTROL NUMBER
System control number (TR-AnTOB)200465000
040 ## - CATALOGING SOURCE
Original cataloging agency BGZ
Language of cataloging eng
Description conventions rda
Transcribing agency BGZ
Modifying agency GAZIU
-- TR-AnTOB
041 0# - LANGUAGE CODE
Language code of text/sound track or separate title Türkçe
050 #4 - LIBRARY OF CONGRESS CALL NUMBER
Classification number S316.B877
Item number K373 2019
090 ## - LOCALLY ASSIGNED LC-TYPE CALL NUMBER (OCLC); LOCAL CALL NUMBER (RLIN)
Classification number (OCLC) (R) ; Classification number, CALL (RLIN) (NR) S316.B877
Local cutter number (OCLC) ; Book number/undivided call number, CALL (RLIN) K373 2019
100 1# - MAIN ENTRY--PERSONAL NAME
Personal name Karabağ, Hacer,
Dates associated with a name 1981-
Relator term author
9 (RLIN) 149680
245 10 - TITLE STATEMENT
Title Bursa'da tarımsal değişim ve bu değişimin sosyoekonomik sonuçları (1945-1980) /
Statement of responsibility, etc. Hacer Karabağ.
264 #1 - PRODUCTION, PUBLICATION, DISTRIBUTION, MANUFACTURE, AND COPYRIGHT NOTICE
Place of production, publication, distribution, manufacture Bursa :
Name of producer, publisher, distributor, manufacturer Nilüfer Belediyesi,
Date of production, publication, distribution, manufacture, or copyright notice 2019.
300 ## - PHYSICAL DESCRIPTION
Extent 222 pages :
Other physical details illustrations, tables ;
Dimensions 23 cm
336 ## - CONTENT TYPE
Content type term text
Content type code txt
Source rdacontent
337 ## - MEDIA TYPE
Media type term unmediated
Media type code n
Source rdamedia.
338 ## - CARRIER TYPE
Carrier type term volume
Carrier type code nc
Source rdacarrier.
504 ## - BIBLIOGRAPHY, ETC. NOTE
Bibliography, etc. note Includes bibliographical references.
586 ## - AWARDS NOTE
Awards note Yılmaz Akkılıç Bursa Araştırmaları Ödülü 2017
650 #7 - SUBJECT ADDED ENTRY--TOPICAL TERM
Topical term or geographic name entry element Tarım
Geographic subdivision Türkiye
-- Bursa İli
Source of heading or term etuturkob
9 (RLIN) 149681
Topical term or geographic name entry element Tarım
General subdivision Ekonomik yönleri
Geographic subdivision Türkiye
-- Bursa İli
Source of heading or term etuturkob
9 (RLIN) 149682
942 ## - ADDED ENTRY ELEMENTS (KOHA)
Source of classification or shelving scheme Library of Congress Classification
Koha item type Book
Holdings
Withdrawn status Lost status Source of classification or shelving scheme Not for loan Collection code Home library Current library Shelving location Date acquired Source of acquisition Total Checkouts Full call number Barcode Date last seen Copy number Date shelved Koha item type Public note
    Library of Congress Classification Ödünç Verilebilir / Available Genel Koleksiyon Merkez Kütüphane Merkez Kütüphane Genel Koleksiyon / Main Collection 11/08/2025 Bağış / Donation   S316.B877 K373 2019 0072532 11/08/2025 1 11/08/2025 Book Donated by Nilüfer Belediyesi Akkılıç Kütüphanesi
Devinim Yazılım Eğitim Danışmanlık tarafından Koha'nın orjinal sürümü uyarlanarak geliştirilip kurulmuştur.